| 000 | 00759cam a22002413a 4500 | ||
|---|---|---|---|
| 001 | 29934 | ||
| 003 | PGUSA | ||
| 005 | 20140828083639.0 | ||
| 008 | 090908s2009||||xxu|||||s|||||000 | eng d | ||
| 040 |
_aPGUSA _beng |
||
| 042 | _adc | ||
| 050 | 4 | _aQ | |
| 100 | 1 | _aBattison, Edwin A. | |
| 245 | 1 | 4 |
_aThe Auburndale Watch Company : _bFirst American Attempt Toward the Dollar Watch _h[electronic resource] / _cEdwin A. Battison |
| 260 |
_bProject Gutenberg, _c2009 |
||
| 506 | _aPublic domain in the USA. | ||
| 516 | _aElectronic text | ||
| 653 | _aClock and watch making -- United States | ||
| 653 | _aAuburndale Watch Company (Auburndale, Mass.) | ||
| 830 | 0 |
_aProject Gutenberg _v29934 |
|
| 856 | 4 | 0 | _uhttp://www.gutenberg.org/ebooks/29934 |
| 942 | _cEB | ||
| 999 |
_c259189 _d259189 |
||